mon européenne saez - Statistiques

Statistiques générales
  • Ce quiz a été pris 107 fois
  • Le résultat moyen est 292 sur 499
Statistiques - réponses
Réponse % Correct
ell
96%
elle
96%
Elle
96%
est
89%
à
85%
a
85%
pas
80%
au
78%
mon
78%
de
73%
vin
73%
contre
71%
la
71%
blanc
69%
européenne
69%
gouvernement
69%
ma
69%
c'est
67%
ou
67%
p'tit
67%
gauloise
65%
me
65%
moi
64%
du
62%
les
62%
Bruxelles
58%
Genève
58%
tu
58%
des
56%
sais
56%
en
55%
nord
55%
plane
55%
pognon
55%
putain
55%
bourgeois
53%
fille
53%
sou
53%
quand
51%
un
51%
religions
49%
thune
49%
chemin
47%
crèves
47%
frontière
47%
marches
47%
peu
47%
sans
47%
combat
45%
gares
45%
gitane
45%
je
45%
l'est
45%
dans
44%
Merkel
44%
sud
44%
vent
44%
fumeuse
42%
Hollande
42%
joints
42%
pour
42%
profane
42%
rue
42%
ta
42%
dort
40%
d'où
40%
d'ouest
40%
et
40%
grec
40%
perdue
40%
peuple
40%
propagandes
40%
déplaise
38%
peine
38%
toujours
38%
aux
36%
mes
36%
métro
36%
totalitaire
36%
une
36%
varsovie
36%
boit
35%
entière
35%
fin
35%
garde à vous
35%
haine
35%
n'en
35%
planète
35%
qui
35%
valse
35%
américaine
33%
bistrot
33%
comme
33%
corps
33%
London
33%
politique
33%
pote
33%
sans-abri
33%
sans abri
33%
banquière
31%
crois
31%
Paris
31%
plutôt
31%
tatouage
31%
taule
31%
Venise
31%
avec
29%
mois
29%
Picasso
29%
pinceau
29%
progrès
29%
qu'on
29%
Qu'on
29%
rond
29%
son
29%
sur
29%
tango
29%
aime
27%
baltique
27%
bois
27%
brune
27%
dirait
27%
frontières
27%
messina
27%
partisane
27%
potes
27%
République
27%
roumaine
27%
russie
27%
suédoise
27%
tous
27%
vraiment
27%
accordéon
25%
airs
25%
boursière
25%
dit
25%
gueule
25%
l'épaule
25%
Marquises
25%
Namur
25%
nord-africaine
25%
Sarajevo
25%
solidaire
25%
toi
25%
accorde-moi
24%
bière
24%
frère
24%
gréco-latine
24%
greco-latine
24%
j't'emmerde
24%
l'enfer
24%
métros
24%
nordique
24%
paysanne
24%
rois
24%
sanglot
24%
toutes
24%
allez
22%
ardoise
22%
aussi
22%
destin
22%
loin
22%
l'union
22%
rat
22%
ressers
22%
vas-y
22%
banquaire
20%
bottes
20%
germaine
20%
gestapo
20%
guillotine
20%
italies
20%
manu crado
20%
médiatique
20%
mercedes
20%
origines
20%
ouvrière
20%
racine
20%
révolutionnaires
20%
roumanie
20%
terre
20%
trois
20%
vienne
20%
bars
18%
britannique
18%
d'Hambourg
18%
gauguin
18%
grecque
18%
non
18%
plans
18%
putains
18%
traine
18%
aille
16%
Babylones
16%
chienne
16%
keupon
16%
peint
16%
saint-pétersbourg
16%
corazon
15%
louve
15%
mimi pinson
15%
populaire
15%
Vérone
15%
l'odeur
13%
moitié
13%
cherbourg
11%
barcelona
9%
Kusturica
9%
bandonéon
7%
polka
4%
licensiée
2%
dicours
0%
satue
0%
Aucun quiz correspondant
Distribution des résultats
% des personnes avec chaque résultat
Percentile par nombre de réponses
Votre historique - résultats
Vous n’avez pas pris ce quiz